Comprehensive project management : Integrating optimization models, management principles and computers

Bibliographic Details
Main Author: Badiru, Adedeji B.
Format: Book
Published: New Jersey : Prentice - Hall , 1995
Subjects:

MARC

LEADER 00000cam a2200000 7i4500
001 0000003086
005 20050513.0
020 |a 0130309257 
040 |a INS 
090 0 0 |a HD69.P75   |b B327 1994 
100 1 |a Badiru, Adedeji B. 
245 1 0 |a Comprehensive project management :   |b Integrating optimization models, management principles and computers   |c Adedeji B. Badiru 
260 |a New Jersey :   |b Prentice - Hall ,   |c 1995 
300 |a 548p 
650 0 0 |a Industrial Management   |x Data Processing 
650 0 0 |a Industrial Project Management 
650 0 0 |a Mathematical Optimization 
999 |a 0000006086   |b BOOK   |c Open Shelf   |e Default branch